Recetas con sabor espiritual / (Registro nro. 7715)
[ vista simple ]
| 000 -LEADER | |
|---|---|
| fixed length control field | 01006nam a2200325 a 4500 |
| 001 - CONTROL NUMBER | |
| control field | 000015023 |
| 003 - CONTROL NUMBER IDENTIFIER | |
| control field | DO-SdBNP |
| 005 - DATE AND TIME OF LATEST TRANSACTION | |
| control field | 20171024110818.0 |
| 007 - PHYSICAL DESCRIPTION FIXED FIELD--GENERAL INFORMATION | |
| fixed length control field | 000015023 |
| 008 - FIXED-LENGTH DATA ELEMENTS--GENERAL INFORMATION | |
| fixed length control field | 100129s2008 dr ac 001 0 spa d |
| 020 ## - INTERNATIONAL STANDARD BOOK NUMBER | |
| International Standard Book Number | 9789945429060 |
| 040 ## - CATALOGING SOURCE | |
| Original cataloging agency | BPMSU |
| Language of cataloging | spa |
| Transcribing agency | BPMSU |
| 049 ## - LOCAL HOLDINGS (OCLC) | |
| Holding library | |
| 082 #4 - DEWEY DECIMAL CLASSIFICATION NUMBER | |
| Classification number | 641.5 |
| Item number | S725r |
| 100 1# - MAIN ENTRY--PERSONAL NAME | |
| Personal name | Sousa de Baquero, Hortensia |
| 245 10 - TITLE STATEMENT | |
| Title | Recetas con sabor espiritual / |
| Statement of responsibility, etc. | Hortensia Sousa de Baquero ; prólogo Tensy Brugal Bancalary. |
| 260 ## - PUBLICATION, DISTRIBUTION, ETC. (IMPRINT) | |
| Place of publication, distribution, etc. | Santo Domingo : |
| Name of publisher, distributor, etc. | Aguilar, |
| Date of publication, distribution, etc. | 2007. |
| 300 ## - PHYSICAL DESCRIPTION | |
| Extent | 210 p. : |
| Other physical details | il. ; |
| Dimensions | 25 cm. |
| 500 ## - GENERAL NOTE | |
| General note | Sobrosos menús que llegan al alma |
| 500 ## - GENERAL NOTE | |
| General note | Incluye datos biográficos del autor en la solapa |
| 650 #4 - SUBJECT ADDED ENTRY--TOPICAL TERM | |
| Topical term or geographic name as entry element | GASTRONOMÍA |
| 650 #4 - SUBJECT ADDED ENTRY--TOPICAL TERM | |
| Topical term or geographic name as entry element | COCINA DOMINICANA |
| 650 #4 - SUBJECT ADDED ENTRY--TOPICAL TERM | |
| Topical term or geographic name as entry element | COMIDAS Y BANQUETES |
| 650 #4 - SUBJECT ADDED ENTRY--TOPICAL TERM | |
| Topical term or geographic name as entry element | AGASAJOS |
| 700 1# - ADDED ENTRY--PERSONAL NAME | |
| Personal name | Brugal Bancalary, Tensy |
| Relator term | pról. |
| 910 ## - USER-OPTION DATA (OCLC) | |
| User-option data | Validado. Control de calidad MFF |
| 942 ## - ADDED ENTRY ELEMENTS (KOHA) | |
| Source of classification or shelving scheme | Dewey Decimal Classification |
| Koha item type | Libros |
| 945 ## - LOCAL PROCESSING INFORMATION (OCLC) | |
| a | inventariado / 2017 VM |
| 956 ## - LOCAL ELECTRONIC LOCATION AND ACCESS (OCLC) | |
| Host name | VMATEO |
| Access number | 10 |
| Compression information | 20150717 |
| Logon | BPMSU |
| Processor of request | 00151 |
| Withdrawn status | Lost status | Source of classification or shelving scheme | Damaged status | Not for loan | Collection code | Home library | Current library | Date acquired | Source of acquisition | Total Checkouts | Full call number | Barcode | Date last seen | Price effective from | Koha item type | Copy number |
|---|---|---|---|---|---|---|---|---|---|---|---|---|---|---|---|---|
| Dewey Decimal Classification | Colección Dominicana | Biblioteca Pública Metropolitana Salomé Ureña | Biblioteca Pública Metropolitana Salomé Ureña | 04/27/2015 | Donativo-Alfagura | 641.5 S725r | BPMSU15041394 | 04/27/2015 | 04/27/2015 | Libros | ||||||
| Dewey Decimal Classification | Colección Dominicana | Biblioteca Pública Metropolitana Salomé Ureña | Biblioteca Pública Metropolitana Salomé Ureña | 07/20/2016 | Donativo-BNPHU | 641.5 S725r | BPMSU16090209 | 07/20/2016 | 07/20/2016 | Libros | e. 2 | |||||
| Dewey Decimal Classification | Colección Dominicana | Biblioteca Pública Metropolitana Salomé Ureña | Biblioteca Pública Metropolitana Salomé Ureña | 10/24/2017 | Alfaguara | 641.5 S725r | BPMSU17100136 | 10/24/2017 | 10/24/2017 | Libros | e. 3 |